banner-ar

EARTH REIRFARCEMENT PRACTICE / (Record no. 13876)

MARC details
000 -الفاتح
حقل البيانات ثابتة الطول 00471nam a2200181Ia 4500
008 - عناصر البيانات ثابتة الطول - معلومات عامة
حقل البيانات ثابتة الطول 140319s9999 xx 000 0 eng d
040 ## - مصدر الفهرسة
وكالة الفهرسة الأصلية GCL /
وكالة النسخ GCL
082 04 - رقم تصنيف ديوى العشرى
رقم التصنيف 551
رقم المادة O E
100 1# - المدخل الرئيسى - إسم شخصى
الإسم الشخصى OCHIAL,HIDETOSHI
245 10 - بيان العنوان
العنوان EARTH REIRFARCEMENT PRACTICE /
بيان المسئوليه,etc OCHIAL,HIDETOSHI
700 1# - المدخل الاضافى - اسم شخصى
الإسم الشخصى HSYSHI, SHUGENERE
700 1# - المدخل الاضافى - اسم شخصى
الإسم الشخصى PTSNI, JUN
260 ## - PUBLICATION, DISTRIBUTION, ETC. (IMPRINT)
تاريخ النشر أو التوزيع 1993
650 04 - المدخل الاضافى بالموضوع-مصطلح موضوعى
مصطلح موضوعي EARTH
650 04 - المدخل الاضافى بالموضوع-مصطلح موضوعى
مصطلح موضوعي REINTORCENENT
942 ## - عناصر المدخل الإضافي( كوها)
مصدر التصنيف او مخطط الترفيف Dewey Decimal Classification
Koha [default] item type كتاب
260 ## - PUBLICATION, DISTRIBUTION, ETC. (IMPRINT)
-- [S.N] :
-- A.A.BALKEMA,ROTTERDAM ،
Holdings
حالة التراجع حالة الفقد حالة تلف ليس للاعارة المكان المؤقت الموقع الحالى تاريخ الاكتساب اجمالي اﻻعارات رقم الطلب الباركود تاريخ اخر مشاهدة تاريخ تفعيل السعر نوع وعاء كوها
        مكتبة القاهرة الكبرى مكتبة القاهرة الكبرى 03/26/2014   551\O E 26269 03/26/2014 03/26/2014 كتاب
        مكتبة القاهرة الكبرى مكتبة القاهرة الكبرى 03/26/2014   551\O E 26270 03/26/2014 03/26/2014 كتاب

Powered By

EGPV